| 000 | 00468nam a22001817a 4500 | ||
|---|---|---|---|
| 999 |
_c524986 _d524986 |
||
| 003 | NUST | ||
| 020 | _a- | ||
| 038 | _aZafar Malik | ||
| 082 |
_a891.421 _bNAV |
||
| 100 |
_aNaveed, Ahmed _915102 |
||
| 245 |
_aChovan Punjabi Adab / _cNaveed, Ahmed |
||
| 260 |
_aLahore : _bTaj Book Depot. ; _c1989. |
||
| 300 | _a207 p. ; | ||
| 500 | _aPaperback | ||
| 880 |
_6100-02\r _aنوید احمد |
||
| 880 |
_6245-02\r _aچونواں پنجابی ادب |
||
| 942 |
_2ddc _cBK |
||